[Event "Pobla de Lillet op 32nd"]
[Site "La Pobla de Lillet"]
[Date "2023.08.06"]
[Round "5"]
[White "Cervello Tost, Ferran"]
[Black "Uber Gracia, Hugo"]
[Result "1-0"]
[WhiteElo "2283"]
[BlackElo "2037"]
[PlyCount "79"]
[EventDate "2023.08.02"]
[EventType "swiss"]
[EventRounds "9"]
[EventCountry "ESP"]
[SourceTitle "CBM 215 Extra"]
[Source "ChessBase"]
[SourceDate "2023.09.30"]
[SourceVersion "1"]
[SourceVersionDate "2023.09.30"]
[SourceQuality "1"]

1. b3 d5 2. Bb2 Bf5 3. e3 e6 4. Nf3 h6 5. Be2 Nf6 6. Ne5 Be7 7. d3 Nbd7 8. f4 Bh7 9. Nd2 Bc5 10. d4 Bd6 11. Bd3 c6 12. Qe2 Bxd3 13. Nxd3 Qa5 14. 0-0 Bb4 15. Nxb4 Qxb4 16. a4 Qa5 17. Ba3 Qc7 18. c4 Qb6 19. Kh1 g6 20. a5 Qxa5 21. Bd6 Qb6 22. e4 dxe4 23. c5 Qb5 24. Nc4 Qxb3 25. Ra3 Qb5 26. Qc2 Nd5 27. Rb1 Nb4 28. Qc3 Na2 29. Qb2 Qxb2 30. Rxb2 Nc1 31. Rxb7 f6 32. Nb6 Rd8 33. Nxd7 Rxd7 34. Rxd7 Kxd7 35. Rxa7+ Kd8 36. Ra8+ Kd7 37. Rxh8 e3 38. Kg1 Nd3 39. Rh7+ Kd8 40. Kf1 1-0

[Event "Pobla de Lillet op 32nd"]
[Site "La Pobla de Lillet"]
[Date "2023.08.02"]
[Round "1"]
[White "Ballesteros De Maro, Sergio"]
[Black "Cervello Tost, Ferran"]
[Result "0-1"]
[WhiteElo "1923"]
[BlackElo "2283"]
[PlyCount "120"]
[EventDate "2023.08.02"]
[EventType "swiss"]
[EventRounds "9"]
[EventCountry "ESP"]
[SourceTitle "CBM 215 Extra"]
[Source "ChessBase"]
[SourceDate "2023.09.30"]
[SourceVersion "1"]
[SourceVersionDate "2023.09.30"]
[SourceQuality "1"]

1. e4 b6 2. Nf3 Bb7 3. d3 c5 4. g3 g6 5. Bg2 Bg7 6. 0-0 Nf6 7. Re1 0-0 8. c3 d6 9. Nbd2 Qc8 10. Nc4 Nbd7 11. a4 a6 12. Bh3 Qc7 13. Bf4 b5 14. e5 bxc4 15. exf6 Bxf6 16. dxc4 Rab8 17. Bc1 Qc6 18. Bg2 Ne5 19. Nh4 Qc7 20. f4 Nxc4 21. Qe2 Bxg2 22. Nxg2 Na5 23. Ne3 Nb3 24. Nd5 Qb7 25. Nxf6+ exf6 26. Rb1 Qc6 27. Qg2 Qxg2+ 28. Kxg2 Rfe8 29. Rxe8+ Rxe8 30. Kf2 Re4 31. Be3 d5 32. Kf3 Rxa4 33. Rd1 d4 34. cxd4 cxd4 35. Bg1 Ra2 36. Bxd4 Nxd4+ 37. Rxd4 Rxb2 38. Rd8+ Kg7 39. h3 Rh2 40. h4 f5 41. Rd7 a5 42. Ra7 Ra2 43. Ke3 a4 44. Kf3 a3 45. Ke3 Ra1 46. Kf3 Kh6 47. Kg2 a2 48. Kh2 Kh5 49. Kg2 Kg4 50. Kh2 h5 51. Kg2 Rb1 52. Rxa2 Rb3 53. Ra7 Rxg3+ 54. Kh2 Rh3+ 55. Kg2 Rxh4 56. Rxf7 Kxf4 57. Rg7 Kg5 58. Kg3 Rb4 59. Rc7 Rb3+ 60. Kg2 Kg4 0-1

[Event "Barcelona Canovelles op 17th"]
[Site "Barcelona"]
[Date "2023.05.07"]
[Round "3"]
[White "Cervello Tost, Ferran"]
[Black "Sosa, Tomas Sebastian"]
[Result "1/2-1/2"]
[WhiteElo "2294"]
[BlackElo "2551"]
[PlyCount "51"]
[EventDate "2023.05.07"]
[EventType "swiss (rapid)"]
[EventRounds "9"]
[EventCountry "ESP"]
[SourceTitle "CBM 214 Extra"]
[Source "ChessBase"]
[SourceDate "2023.07.31"]
[SourceVersion "1"]
[SourceVersionDate "2023.07.31"]
[SourceQuality "1"]

1. Nf3 b6 2. g3 Bb7 3. Bg2 g6 4. 0-0 Bg7 5. d4 Nf6 6. c4 0-0 7. Nc3 e6 8. Qc2 c5 9. Rd1 cxd4 10. Nxd4 Bxg2 11. Kxg2 Qc8 12. b3 d5 13. Ba3 Rd8 14. Be7 Rd7 15. Bxf6 Bxf6 16. cxd5 Na6 17. Ne4 Bg7 18. Qxc8+ Rxc8 19. dxe6 Rxd4 20. Rxd4 Bxd4 21. Rd1 Bc5 22. Rd7 fxe6 23. Nf6+ Kf8 24. Nxh7+ Ke8 25. Nf6+ Kf8 26. Nh7+ 1/2-1/2

[Event "Foment Martinenc op-A 23rd"]
[Site "Barcelona"]
[Date "2023.04.22"]
[Round "1"]
[White "Rius Marse, Josep"]
[Black "Cervello Tost, Ferran"]
[Result "0-1"]
[WhiteElo "1904"]
[BlackElo "2289"]
[PlyCount "80"]
[EventDate "2023.04.22"]
[EventType "swiss"]
[EventRounds "9"]
[EventCountry "ESP"]
[SourceTitle "EXT 2024"]
[Source "ChessBase"]
[SourceDate "2023.10.10"]
[SourceVersion "1"]
[SourceVersionDate "2023.10.10"]
[SourceQuality "1"]

1. e4 c6 2. d4 d5 3. e5 c5 4. c3 cxd4 5. cxd4 Nc6 6. Nc3 Bf5 7. Bb5 e6 8. Nge2 Bb4 9. 0-0 Nge7 10. Bg5 h6 11. Bxe7 Bxe7 12. Bxc6+ bxc6 13. Na4 0-0 14. Rc1 Rc8 15. Nc5 f6 16. Nf4 Bxc5 17. Rxc5 fxe5 18. dxe5 Qg5 19. Qc1 Be4 20. g3 Qxe5 21. Re1 Qf6 22. Rxc6 Rxc6 23. Qxc6 e5 24. Qe6+ Kh7 25. Qxf6 gxf6 26. Ne2 Bf3 27. Kf1 Rc8 28. Nc3 d4 29. Ne4 Kg6 30. Nd2 Bd5 31. Ke2 Rc2 32. Rb1 Bxa2 33. Ra1 Rxb2 34. Kd1 d3 35. h4 a5 36. f3 a4 37. Ne4 Rh2 38. Kc1 a3 39. Nc3 Rh1+ 40. Nd1 Bb3 0-1

[Event "Krakow op-A 33rd"]
[Site "Krakow"]
[Date "2022.12.31"]
[Round "5"]
[White "Bombek, Peter"]
[Black "Cervello Tost, Ferran"]
[Result "0-1"]
[WhiteElo "2131"]
[BlackElo "2292"]
[PlyCount "98"]
[EventDate "2022.12.27"]
[EventType "swiss"]
[EventRounds "9"]
[EventCountry "POL"]
[SourceTitle "CBM 212 Extra"]
[Source "ChessBase"]
[SourceDate "2023.03.31"]
[SourceVersion "1"]
[SourceVersionDate "2023.03.31"]
[SourceQuality "1"]

1. d4 d5 2. Nf3 c6 3. c4 Nf6 4. Nc3 e6 5. cxd5 exd5 6. Bg5 Be7 7. Qc2 g6 8. e3 Bf5 9. Bd3 Bxd3 10. Qxd3 0-0 11. 0-0 Re8 12. Bxf6 Bxf6 13. b4 Nd7 14. Rab1 a6 15. a4 Nb6 16. Rfc1 Nc4 17. b5 axb5 18. axb5 Ra3 19. bxc6 bxc6 20. Nd2 Nxd2 21. Qxd2 Qa5 22. g3 h5 23. Rc2 h4 24. Ne2 hxg3 25. hxg3 Qa6 26. Rbc1 Bg5 27. Rxc6 Qa8 28. Kg2 Kg7 29. R6c3 Ra2 30. R1c2 Ra1 31. Ng1 Rh8 32. Rc1 Ra6 33. Qd3 Be7 34. Qb5 Rf6 35. Qd7 Bd6 36. Nf3 Qa6 37. R3c2 Qd3 38. Qg4 Qb3 39. Nd2 Qd3 40. Nf3 Qb3 41. Rc8 Rxc8 42. Qxc8 Bf8 43. Ne5 Qb4 44. Rh1 Qd2 45. Nf3 Qe2 46. Qg4 Bd6 47. Re1 Qc2 48. Qg5 Qe4 49. Qg4 Qc2 0-1

[Event "Barcelona Vila de Grаcia op 16th"]
[Site "Barcelona"]
[Date "2022.10.14"]
[Round "3"]
[White "Juncosa Padros, Ernest"]
[Black "Cervello Tost, Ferran"]
[Result "1/2-1/2"]
[WhiteElo "1968"]
[BlackElo "2291"]
[PlyCount "141"]
[EventDate "2022.09.30"]
[EventType "swiss"]
[EventRounds "9"]
[EventCountry "ESP"]
[SourceTitle "EXT 2024"]
[Source "ChessBase"]
[SourceDate "2023.10.10"]
[SourceVersion "1"]
[SourceVersionDate "2023.10.10"]
[SourceQuality "1"]

1. d4 Nf6 2. c4 e6 3. Nc3 Bb4 4. f3 c5 5. d5 b5 6. e4 0-0 7. Nh3 bxc4 8. Bxc4 exd5 9. Bxd5 Nxd5 10. Qxd5 Ba6 11. Bf4 Qb6 12. Kf2 Bb7 13. Qd6 c4+ 14. Qxb6 axb6 15. Rhd1 Bxc3 16. bxc3 Bc6 17. Bd6 Re8 18. Nf4 Ra5 19. Rdb1 Na6 20. Rxb6 f6 21. Ne2 Nc5 22. Bxc5 Rxc5 23. a4 Ra8 24. Rb4 Kf7 25. Nd4 g6 26. Ke3 f5 27. Nxc6 Rxc6 28. e5 d6 29. f4 dxe5 30. fxe5 Ke6 31. Rb5 g5 32. a5 h5 33. Rd1 Rf8 34. Rd6+ Rxd6 35. exd6 Kxd6 36. Kd4 g4 37. Kxc4 f4 38. Rb2 f3 39. gxf3 gxf3 40. Rf2 Ke5 41. a6 Ke4 42. Kb5 Ke3 43. Rf1 Ke2 44. Ra1 f2 45. a7 f1Q 46. Rxf1 Kxf1 47. Kb6 Kg2 48. Kb7 Rf7+ 49. Kb6 Rf6+ 50. Kb7 Rf7+ 51. Kb6 Rf8 52. Kb7 Kxh2 53. a8Q Rxa8 54. Kxa8 Kg3 55. c4 h4 56. c5 h3 57. c6 h2 58. c7 h1Q+ 59. Kb8 Qb1+ 60. Ka8 Qe4+ 61. Kb8 Qe5 62. Ka8 Qa5+ 63. Kb8 Qb6+ 64. Ka8 Qc6+ 65. Kb8 Qd6 66. Ka8 Qf8+ 67. Kb7 Qe7 68. Kb8 Qe5 69. Ka8 Qe8+ 70. Kb7 Qd7 71. Kb8 1/2-1/2

[Event "Barcelona Vila de Grаcia op 16th"]
[Site "Barcelona"]
[Date "2022.09.30"]
[Round "1"]
[White "Palau Soriano, Ricard"]
[Black "Cervello Tost, Ferran"]
[Result "0-1"]
[WhiteElo "1658"]
[BlackElo "2291"]
[PlyCount "86"]
[EventDate "2022.09.30"]
[EventType "swiss"]
[EventRounds "9"]
[EventCountry "ESP"]
[SourceTitle "EXT 2024"]
[Source "ChessBase"]
[SourceDate "2023.10.10"]
[SourceVersion "1"]
[SourceVersionDate "2023.10.10"]
[SourceQuality "1"]

1. d4 Nf6 2. Bf4 c5 3. c3 Qb6 4. Qc2 cxd4 5. cxd4 Nc6 6. e3 d5 7. Nd2 Nh5 8. Bg5 g6 9. Ngf3 Bf5 10. Bd3 Nb4 11. Qa4+ Bd7 12. Qb3 f6 13. Bh4 Rc8 14. a4 Nxd3+ 15. Qxd3 g5 16. Bg3 g4 17. Nh4 Qxb2 18. Ke2 Nxg3+ 19. hxg3 Qc2 20. Qxc2 Rxc2 21. Kd3 Rc6 22. e4 dxe4+ 23. Nxe4 Kf7 24. Nc5 Bc8 25. Rac1 Bh6 26. Rc3 b6 27. Ne4 Rxc3+ 28. Nxc3 Rd8 29. Kc4 Ba6+ 30. Nb5 Rc8+ 31. Kd3 Bg5 32. Nf5 Ke6 33. Ne3 Bxe3 34. Kxe3 Bxb5 35. axb5 Rc3+ 36. Kf4 Rc2 37. Ke3 Rb2 38. Ra1 Rxb5 39. Rxa7 h5 40. Ra2 Kd5 41. Ra7 Rb3+ 42. Ke2 e6 43. Rh7 Kxd4 0-1

[Event "Maia op 6th"]
[Site "Maia"]
[Date "2022.08.31"]
[Round "8"]
[White "Cervello Tost, Ferran"]
[Black "Kosakowski, Jakub"]
[Result "1/2-1/2"]
[WhiteElo "2320"]
[BlackElo "2432"]
[PlyCount "70"]
[EventDate "2022.08.26"]
[EventType "swiss"]
[EventRounds "9"]
[EventCountry "POR"]
[SourceTitle "CBM 210 Extra"]
[Source "ChessBase"]
[SourceDate "2022.11.30"]
[SourceVersion "1"]
[SourceVersionDate "2022.11.30"]
[SourceQuality "1"]

1. Nf3 Nf6 2. g3 g6 3. Bg2 Bg7 4. 0-0 c5 5. c4 0-0 6. d4 cxd4 7. Qxd4 d5 8. cxd5 Nxd5 9. Qh4 h5 10. Rd1 Qc7 11. Na3 Rd8 12. e4 Bf6 13. Bg5 Bxg5 14. Qxg5 Nf6 15. Nb5 Rxd1+ 16. Rxd1 Qb6 17. e5 Ng4 18. Nbd4 Nc6 19. Nxc6 bxc6 20. Rd2 Qc5 21. h3 Qc1+ 22. Bf1 Kg7 23. hxg4 Ba6 24. Nh2 Rd8 25. Qxe7 Rxd2 26. e6 Bxf1 27. Qxf7+ Kh8 28. Nxf1 Rd1 29. Kg2 Rxf1 30. Qe8+ Kg7 31. Qe7+ Kh8 32. Qd8+ Kg7 33. Qe7+ Kh8 34. Qd8+ Kg7 35. Qd4+ Kg8 1/2-1/2

[Event "La Pobla de Lillet op-A"]
[Site "La Pobla de Lillet"]
[Date "2022.08.10"]
[Round "9"]
[White "Cervello Tost, Ferran"]
[Black "Garcia Escoda, Marc"]
[Result "0-1"]
[WhiteElo "2320"]
[BlackElo "2130"]
[PlyCount "148"]
[EventDate "2022.08.02"]
[EventType "swiss"]
[EventRounds "9"]
[EventCountry "ESP"]
[SourceTitle "CBM 209 Extra"]
[Source "ChessBase"]
[SourceDate "2022.09.30"]
[SourceVersion "1"]
[SourceVersionDate "2022.09.30"]
[SourceQuality "1"]

1. Nf3 c5 2. g3 g6 3. Bg2 Bg7 4. c4 Nf6 5. 0-0 d5 6. cxd5 Nxd5 7. Nc3 Nc7 8. b3 Nc6 9. Bb2 0-0 10. Na4 Bxb2 11. Nxb2 Ne6 12. d3 Bd7 13. Qd2 Rc8 14. Nc4 b6 15. Nce5 Nxe5 16. Nxe5 Nd4 17. Rac1 f6 18. Nxd7 Qxd7 19. e3 Nc6 20. Rfd1 Rfd8 21. Qe2 Kg7 22. h4 Ne5 23. Rc2 Qb5 24. Rcd2 Rd6 25. f4 Nc6 26. h5 Rcd8 27. Bf1 Rd5 28. hxg6 hxg6 29. Qf3 Nb4 30. Rh2 Qd7 31. a3 Nc6 32. Qh1 Rh5 33. Rxh5 gxh5 34. Qxh5 Qe6 35. Qf3 Qxb3 36. Rd2 Qe6 37. Rh2 Rh8 38. Rxh8 Kxh8 39. Bg2 Na5 40. Qh5+ Kg7 41. Be4 c4 42. Qg6+ Kf8 43. Qh6+ Ke8 44. Qh8+ Kd7 45. Qa8 cxd3 46. Qxa7+ Ke8 47. Qa8+ Kd7 48. Bf3 Qxe3+ 49. Kg2 Qc5 50. Qa7+ Ke6 51. f5+ Ke5 52. Qb8+ Qd6 53. Qa8 Qd4 54. Qc8 Qd6 55. g4 d2 56. Qc3+ Kf4 57. Bd1 Qd5+ 58. Kh2 Qd6 59. Kh3 Kg5 60. Qe3+ Qf4 61. Qxe7 Qf1+ 62. Kh2 Qxd1 63. Qe3+ Kxg4 64. Qe4+ Kg5 65. Qe3+ Kxf5 66. Qd3+ Kf4 67. Qd6+ Ke4 68. Qe6+ Kd3 69. Qf5+ Kc3 70. Qxf6+ Kc2 71. Qg6+ Kc1 72. Qh6 Qe2+ 73. Kg3 Qd3+ 74. Kf2 Nc4 0-1

[Event "La Pobla de Lillet op-A 30th"]
[Site "La Pobla de Lillet"]
[Date "2021.08.06"]
[Round "5"]
[White "Romero Pallares, Daniel"]
[Black "Cervello Tost, Ferran"]
[Result "1-0"]
[WhiteElo "2222"]
[BlackElo "2343"]
[PlyCount "79"]
[EventDate "2021.08.02"]
[EventType "swiss"]
[EventRounds "9"]
[EventCountry "ESP"]
[SourceTitle "EXT 2022"]
[Source "ChessBase"]
[SourceDate "2021.10.06"]
[SourceVersion "1"]
[SourceVersionDate "2021.10.06"]
[SourceQuality "1"]

1. d4 g6 2. e4 Bg7 3. Nc3 d6 4. f4 Nf6 5. Nf3 c5 6. Bb5+ Bd7 7. e5 Ng4 8. e6 Bxb5 9. exf7+ Kf8 10. Nxb5 Qa5+ 11. Nc3 cxd4 12. Nxd4 Bxd4 13. Qxd4 Nf6 14. Bd2 Nc6 15. Qc4 Qb4 16. Qd3 Kxf7 17. a3 Qd4 18. Qe2 Qc5 19. 0-0-0 Rac8 20. Rhe1 Qf5 21. Be3 Qe6 22. Qf3 Qf5 23. h3 h5 24. g4 hxg4 25. hxg4 Qxg4 26. Qf2 Na5 27. Rg1 Qe6 28. Bd4 Nc6 29. Rde1 Qc4 30. Bxf6 exf6 31. Ne4 Qd4 32. Qxd4 Nxd4 33. Nxd6+ Kf8 34. Rxg6 Rxc2+ 35. Kb1 Re2 36. Rd1 Nb3 37. Rxf6+ Ke7 38. Rf7+ Ke6 39. f5+ Ke5 40. Re7+ 1-0

[Event "La Pobla de Lillet op-A 30th"]
[Site "La Pobla de Lillet"]
[Date "2021.08.02"]
[Round "1"]
[White "Ribera Veganzones, Serni"]
[Black "Cervello Tost, Ferran"]
[Result "1/2-1/2"]
[WhiteElo "1970"]
[BlackElo "2343"]
[PlyCount "40"]
[EventDate "2021.08.02"]
[EventType "swiss"]
[EventRounds "9"]
[EventCountry "ESP"]
[SourceTitle "EXT 2022"]
[Source "ChessBase"]
[SourceDate "2021.10.06"]
[SourceVersion "1"]
[SourceVersionDate "2021.10.06"]
[SourceQuality "1"]

1. e4 c6 2. d4 d5 3. e5 c5 4. dxc5 Nc6 5. a3 Nxe5 6. b4 Nf6 7. Bb2 Ng6 8. Nf3 e6 9. c4 Be7 10. cxd5 exd5 11. Bb5+ Bd7 12. Bxd7+ Qxd7 13. 0-0 0-0 14. Nc3 Rad8 15. Ne2 Ne4 16. Ng3 Bf6 17. Bxf6 Nxf6 18. Qd4 Ne7 19. Ne5 Qc8 20. Rfe1 a6 1/2-1/2

[Event "Barcelona Sant Andreu IM"]
[Site "Barcelona"]
[Date "2019.10.12"]
[Round "4"]
[White "Valenzuela Gomez, Fernando Alberto"]
[Black "Cervello Tost, Ferran"]
[Result "1-0"]
[WhiteElo "2383"]
[BlackElo "2367"]
[PlyCount "101"]
[EventDate "2019.09.14"]
[EventType "tourn"]
[EventRounds "9"]
[EventCountry "ESP"]
[EventCategory "4"]
[SourceTitle "CBM 195 Extra"]
[Source "ChessBase"]
[SourceDate "2020.05.31"]
[SourceVersion "1"]
[SourceVersionDate "2020.05.31"]
[SourceQuality "1"]

1. c4 g6 2. d4 c6 3. e4 d5 4. cxd5 cxd5 5. e5 Nc6 6. Bb5 Bg7 7. Nc3 Nh6 8. Nf3 Bg4 9. h3 Bxf3 10. Qxf3 0-0 11. Bxc6 bxc6 12. 0-0 Nf5 13. Qd3 e6 14. g4 Ne7 15. Na4 Nc8 16. b3 Nb6 17. Nc5 Nd7 18. Ba3 Re8 19. Nxd7 Qxd7 20. Rac1 f6 21. f4 fxe5 22. fxe5 Bf8 23. Bxf8 Rxf8 24. Rf6 Rxf6 25. exf6 Rf8 26. g5 Kf7 27. Qg3 a5 28. Kg2 e5 29. dxe5 Re8 30. Re1 d4 31. Qf4 Qd5+ 32. Kg3 Re6 33. Qe4 Qc5 34. Re2 Qc3+ 35. Kg2 d3 36. Re3 Qb2+ 37. Kg3 Qc1 38. Qxd3 Qg1+ 39. Kh4 Qf2+ 40. Kg4 Qg1+ 41. Rg3 Qa7 42. Re3 Qc7 43. Re4 Kf8 44. Qd4 Qc8 45. Kf4 Qc7 46. Qc5+ Kf7 47. Rd4 h6 48. h4 hxg5+ 49. hxg5 Ke8 50. Rd6 Rxd6 51. exd6 1-0

[Event "Barcelona Sants op 21st"]
[Site "Barcelona"]
[Date "2019.08.29"]
[Round "7"]
[White "Roubert, Emile"]
[Black "Cervello Tost, Ferran"]
[Result "1-0"]
[WhiteElo "2014"]
[BlackElo "2367"]
[PlyCount "89"]
[EventDate "2019.08.23"]
[EventType "swiss"]
[EventRounds "10"]
[EventCountry "ESP"]
[SourceTitle "EXT 2020"]
[Source "ChessBase"]
[SourceDate "2019.10.17"]
[SourceVersion "1"]
[SourceVersionDate "2019.10.17"]
[SourceQuality "1"]

1. e4 g6 2. d4 Bg7 3. Nc3 c6 4. Nf3 d5 5. h3 dxe4 6. Nxe4 Nd7 7. Bc4 Ngf6 8. Qe2 Nxe4 9. Qxe4 0-0 10. 0-0 Nf6 11. Qe2 Nd5 12. Bb3 a5 13. c4 Nc7 14. Rd1 b5 15. Ne5 Qe8 16. d5 cxd5 17. cxb5 Nxb5 18. Bxd5 Ba6 19. Qe1 Rd8 20. Bf4 Rd6 21. Qxa5 Qc8 22. a4 Nc7 23. Bxf7+ Kh8 24. Bg3 Ne6 25. Bxg6 Rxd1+ 26. Rxd1 hxg6 27. Nxg6+ Kh7 28. Qh5+ Bh6 29. Nxf8+ Qxf8 30. Rd7 Bc8 31. Ra7 Ng7 32. Qe5 Nf5 33. Bh4 Nxh4 34. Rxe7+ Kg6 35. Re8 Qf5 36. Qd6+ Kh7 37. Qe7+ Bg7 38. Qxh4+ Kg6 39. Re7 Qb1+ 40. Kh2 Qxb2 41. f4 Bh6 42. Rc7 Be6 43. Rc6 Qe2 44. Qg4+ Qxg4 45. hxg4 1-0

[Event "Barcelona Sants op 21st"]
[Site "Barcelona"]
[Date "2019.08.28"]
[Round "6"]
[White "Cervello Tost, Ferran"]
[Black "Stella, Andrea"]
[Result "1/2-1/2"]
[WhiteElo "2367"]
[BlackElo "2490"]
[PlyCount "61"]
[EventDate "2019.08.23"]
[EventType "swiss"]
[EventRounds "10"]
[EventCountry "ESP"]
[SourceTitle "EXT 2020"]
[Source "ChessBase"]
[SourceDate "2019.10.17"]
[SourceVersion "1"]
[SourceVersionDate "2019.10.17"]
[SourceQuality "1"]

1. d4 Nf6 2. Nf3 g6 3. g3 Bg7 4. Bg2 d5 5. 0-0 0-0 6. c4 dxc4 7. Na3 c5 8. Nxc4 Be6 9. b3 Nc6 10. Bb2 cxd4 11. Nxd4 Nxd4 12. Bxd4 b6 13. Ne5 Bd5 14. Nc6 Bxc6 15. Bxc6 Rc8 16. Rc1 Qd6 17. Bxf6 Qxd1 18. Rfxd1 Bxf6 19. Bb7 Rxc1 20. Rxc1 Rd8 21. Rc8 Rxc8 22. Bxc8 Kf8 23. e4 Bd4 24. Kf1 e6 25. Ke2 Ke7 26. f4 h5 27. Kf3 a5 28. Ba6 Bc5 29. Bb5 Bd4 30. Ba6 Bc3 31. Bc4 1/2-1/2

[Event "Barcelona Sants op 21st"]
[Site "Barcelona"]
[Date "2019.08.26"]
[Round "4"]
[White "Cervello Tost, Ferran"]
[Black "Nigalidze, Gaioz"]
[Result "1/2-1/2"]
[WhiteElo "2367"]
[BlackElo "2534"]
[PlyCount "57"]
[EventDate "2019.08.23"]
[EventType "swiss"]
[EventRounds "10"]
[EventCountry "ESP"]
[SourceTitle "EXT 2020"]
[Source "ChessBase"]
[SourceDate "2019.10.17"]
[SourceVersion "1"]
[SourceVersionDate "2019.10.17"]
[SourceQuality "1"]

1. e4 c5 2. Nf3 Nc6 3. d4 cxd4 4. Nxd4 Nf6 5. Nc3 e5 6. Nb3 Bb4 7. Bg5 h6 8. Bxf6 Bxc3+ 9. bxc3 Qxf6 10. Bc4 0-0 11. Qd2 d6 12. 0-0 Be6 13. Bd5 Bxd5 14. Qxd5 Rfd8 15. Rfd1 Rac8 16. Rd3 b6 17. Rad1 Rd7 18. a4 Qd8 19. Rf3 Na5 20. Nxa5 Rc5 21. Qb3 Rxa5 22. Rd5 Rc5 23. Rfd3 Qc7 24. g3 Qc6 25. Rxc5 Qxc5 26. Rd5 Qc6 27. Qb4 f6 28. h4 Kf8 29. h5 1/2-1/2

[Event "Barcelona Sants op 21st"]
[Site "Barcelona"]
[Date "2019.08.24"]
[Round "2"]
[White "Cervello Tost, Ferran"]
[Black "Schweighoffer, Martin"]
[Result "1/2-1/2"]
[WhiteElo "2367"]
[BlackElo "2141"]
[PlyCount "116"]
[EventDate "2019.08.23"]
[EventType "swiss"]
[EventRounds "10"]
[EventCountry "ESP"]
[SourceTitle "EXT 2020"]
[Source "ChessBase"]
[SourceDate "2019.10.17"]
[SourceVersion "1"]
[SourceVersionDate "2019.10.17"]
[SourceQuality "1"]

1. d4 Nf6 2. Nf3 g6 3. g3 Bg7 4. Bg2 0-0 5. 0-0 d5 6. c4 c6 7. Nbd2 Nbd7 8. b3 b6 9. Bb2 Bb7 10. Rc1 Ne8 11. Rc2 Nc7 12. Qa1 a5 13. a3 a4 14. b4 b5 15. c5 Bc8 16. Rd1 Nb8 17. e4 dxe4 18. Nxe4 Bf5 19. Nh4 Bxe4 20. Bxe4 Nd5 21. Ng2 e6 22. Bc1 Na6 23. Bf4 Qd7 24. Bd6 Rfe8 25. Re2 Nac7 26. Ne3 Ne7 27. Qc1 Rad8 28. h4 h5 29. g4 hxg4 30. Nxg4 e5 31. f3 Nf5 32. Bxf5 gxf5 33. Nxe5 Bxe5 34. Bxe5 Kh7 35. Rg2 Rg8 36. Rg5 Nd5 37. Kf2 f6 38. Rh5+ Kg6 39. Rh6+ Kf7 40. Rh7+ Rg7 41. Qh6 Rxh7 42. Qxh7+ Ke6 43. Qh6 Qf7 44. Re1 Kd7 45. Rg1 Kc8 46. Rg7 Qe6 47. Ra7 Rg8 48. Qh7 Ne7 49. Qxe7 Qa2+ 50. Ke3 Qxa3+ 51. Kf4 Qc1+ 52. Kxf5 Qc2+ 53. Ke6 Qb3+ 54. d5 Qxd5+ 55. Kf5 Qd3+ 56. Ke6 Qd5+ 57. Kf5 Qd3+ 58. Ke6 Qd5+ 1/2-1/2

[Event "La Pobla de Lillet op-A 29th"]
[Site "La Pobla de Lillet"]
[Date "2019.08.10"]
[Round "9"]
[White "Cervello Tost, Ferran"]
[Black "Picanol Alemany, Antonio"]
[Result "1-0"]
[WhiteElo "2367"]
[BlackElo "2253"]
[PlyCount "33"]
[EventDate "2019.08.02"]
[EventType "swiss"]
[EventRounds "9"]
[EventCountry "ESP"]
[SourceTitle "EXT 2022"]
[Source "ChessBase"]
[SourceDate "2021.10.06"]
[SourceVersion "1"]
[SourceVersionDate "2021.10.06"]
[SourceQuality "1"]

1. d4 Nf6 2. Nf3 c5 3. d5 e6 4. c4 b5 5. e4 Nxe4 6. Bd3 Qa5+ 7. Nbd2 Nf6 8. 0-0 Be7 9. Ne4 bxc4 10. Nxf6+ Bxf6 11. Be4 Bb7 12. Ng5 Bxg5 13. Bxg5 f5 14. dxe6 d5 15. Bxd5 Nc6 16. Bxc6+ Bxc6 17. Qd6 1-0

[Event "La Pobla de Lillet op-A 29th"]
[Site "La Pobla de Lillet"]
[Date "2019.08.07"]
[Round "6"]
[White "Cervello Tost, Roger"]
[Black "Cervello Tost, Ferran"]
[Result "0-1"]
[WhiteElo "2041"]
[BlackElo "2367"]
[PlyCount "81"]
[EventDate "2019.08.02"]
[EventType "swiss"]
[EventRounds "9"]
[EventCountry "ESP"]
[SourceTitle "EXT 2020"]
[Source "ChessBase"]
[SourceDate "2019.10.17"]
[SourceVersion "1"]
[SourceVersionDate "2019.10.17"]
[SourceQuality "1"]

1. e4 g6 2. d4 Bg7 3. Nc3 c6 4. f4 d5 5. e5 h5 6. Nf3 Nh6 7. Be3 Bg4 8. h3 Nf5 9. Bf2 Bxf3 10. Qxf3 h4 11. Bd3 e6 12. 0-0 Nd7 13. Ne2 Bf8 14. c3 c5 15. dxc5 Bxc5 16. Bxf5 gxf5 17. Nd4 Bxd4 18. Bxd4 Kf8 19. a4 Kg7 20. Kh2 Rh6 21. Rg1 Rg6 22. g4 hxg3+ 23. Rxg3 Qe7 24. Rxg6+ fxg6 25. Rg1 Rh8 26. Rg5 Nc5 27. Bxc5 Qxc5 28. Rg2 Qe7 29. Qg3 Rh6 30. Qe3 b6 31. Qf3 Qd7 32. b3 Kf7 33. Rd2 Rh8 34. c4 d4 35. Qf2 g5 36. Rxd4 Qe7 37. Qd2 Kg6 38. Rd6 g4 39. Qd5 Rxh3+ 40. Kg2 Kh5 41. Qa8 0-1

[Event "Benasque op 39th"]
[Site "Benasque"]
[Date "2019.07.06"]
[Round "3"]
[White "Cervello Tost, Ferran"]
[Black "Ter Sahakyan, Samvel"]
[Result "0-1"]
[WhiteElo "2349"]
[BlackElo "2625"]
[PlyCount "72"]
[EventDate "2019.07.04"]
[EventType "swiss"]
[EventRounds "10"]
[EventCountry "ESP"]
[SourceTitle "EXT 2020"]
[Source "ChessBase"]
[SourceDate "2019.10.17"]
[SourceVersion "1"]
[SourceVersionDate "2019.10.17"]
[SourceQuality "1"]

1. d4 e6 2. Nf3 f5 3. g3 Nf6 4. Bg2 d5 5. 0-0 Bd6 6. c4 c6 7. b3 Qe7 8. Bb2 b6 9. Ne5 Bb7 10. Nd2 0-0 11. Rc1 a5 12. a4 Na6 13. Nd3 Ne4 14. f3 Nxd2 15. Qxd2 c5 16. e3 dxc4 17. bxc4 Nb4 18. e4 cxd4 19. exf5 exf5 20. Rfe1 Qf6 21. f4 Bxg2 22. Kxg2 Bc5 23. Re5 Qc6+ 24. Kg1 Rae8 25. Rce1 Nxd3 26. Qxd3 Qxa4 27. Kf1 Rd8 28. Re6 Qd7 29. Ba3 Qb7 30. Kf2 Bxa3 31. Qxa3 d3 32. Re7 Qc6 33. Qc3 Rf6 34. R7e3 d2 35. Rd1 Rfd6 36. Qe5 Qa4 0-1

[Event "Foment Martinenc op-A 20th"]
[Site "Barcelona"]
[Date "2018.05.05"]
[Round "3"]
[White "Riu Lopez, Daniel"]
[Black "Cervello Tost, Ferran"]
[Result "0-1"]
[WhiteElo "2126"]
[BlackElo "2304"]
[PlyCount "100"]
[EventDate "2018.04.21"]
[EventType "swiss"]
[EventRounds "9"]
[EventCountry "ESP"]
[SourceTitle "CBM 184 Extra"]
[Source "ChessBase"]
[SourceDate "2018.06.28"]
[SourceVersion "1"]
[SourceVersionDate "2018.06.28"]
[SourceQuality "1"]

1. e4 c6 2. d4 d5 3. Nc3 dxe4 4. Nxe4 Bf5 5. Nc5 e5 6. Nxb7 Qb6 7. Nc5 Bxc5 8. dxc5 Qxc5 9. c3 Nf6 10. Be3 Qe7 11. Nf3 Nbd7 12. Qa4 0-0 13. Be2 Nd5 14. Qxc6 Nxe3 15. fxe3 Rab8 16. e4 Rfc8 17. Qd5 Nf6 18. Qxe5 Qxe5 19. Nxe5 Bxe4 20. 0-0-0 Bxg2 21. Rhg1 Bd5 22. Nd7 Nxd7 23. Rxd5 Nf6 24. Re5 Re8 25. Rxe8+ Rxe8 26. Bc4 Re5 27. b4 g5 28. a4 h5 29. Kc2 Kg7 30. b5 g4 31. a5 Rc5 32. Kb3 Ne4 33. Kb4 f5 34. b6 axb6 35. axb6 Rc6 36. Kb5 Rc8 37. b7 Nd6+ 38. Ka6 Nxb7 39. Bd5 Nd6 40. c4 Nxc4 41. Rc1 Nd6 42. Rxc8 Nxc8 43. Kb5 Kf6 44. Kc5 Ke5 45. Bg2 f4 46. Kc4 f3 47. Bf1 Ke4 48. Kc3 Ke3 49. Kc2 h4 50. Kd1 g3 0-1